<?xml version="1.0" encoding="UTF-8"?>
<record
    xmlns:xsi="http://www.w3.org/2001/XMLSchema-instance"
    xsi:schemaLocation="http://www.loc.gov/MARC21/slim http://www.loc.gov/standards/marcxml/schema/MARC21slim.xsd"
    xmlns="http://www.loc.gov/MARC21/slim">

  <leader>01769nam a22001577a 4500</leader>
  <datafield tag="999" ind1=" " ind2=" ">
    <subfield code="c">521344</subfield>
    <subfield code="d">521344</subfield>
  </datafield>
  <controlfield tag="008">230127b           ||||| |||| 00| 0 eng d</controlfield>
  <datafield tag="100" ind1=" " ind2=" ">
    <subfield code="a">Stuart, Ashi Rooth and Satyam,Swastika </subfield>
    <subfield code="9">36964</subfield>
  </datafield>
  <datafield tag="245" ind1=" " ind2=" ">
    <subfield code="a">Child malnourishment in Bihar: A district level analysis </subfield>
  </datafield>
  <datafield tag="260" ind1=" " ind2=" ">
    <subfield code="a">Bihar Journal of Public Administration  </subfield>
  </datafield>
  <datafield tag="300" ind1=" " ind2=" ">
    <subfield code="a">19(1), Jan-Jun, 2022: p.70-82</subfield>
  </datafield>
  <datafield tag="520" ind1=" " ind2=" ">
    <subfield code="a">Malnourishment is the imbalance between demand and supply of required nutrients in the body. WHO (2020) defines malnutrition as &#x201C;deficiencies, excesses or imbalances in a person&#x2019;s intake of energy and/or nutrients&#x201D;. A lack of attention to child malnutrition is a self-defeating agenda for development, given the impact of child malnutrition on child growth and, subsequently, the overall quality of human development. The COVID-19 pandemic has posed a serious danger that may increase the prevalence of malnutrition. It hampered the schemes like Mid-day Meal, ICDS, Anganwadi etc. However, the children&#x2019;s nutritional status in terms of weight, growth, stunting etc. in Bihar has improved from 2015-16 to 2019-20 (as per NFHS data). But often, state-level averages conceal districtlevel disparities. Therefore, in this study, district-level estimates of NFHS-4 and NFHS-5 in Bihar are compared to see how far the districts have progressed toward achieving the United Nations Sustainable Development Goal 2.2: &#x201C;ending all forms of malnutrition by 2030 for children under 5 years of age&#x201D;. We also attempt to investigate district-level correlates of child stunting in Bihar. &#x2013; Reproduced </subfield>
  </datafield>
  <datafield tag="650" ind1=" " ind2=" ">
    <subfield code="a">Malnourishment, Children, NHFS, Stunting, Wasting, Underweight, Bihar.</subfield>
    <subfield code="9">35077</subfield>
  </datafield>
  <datafield tag="773" ind1=" " ind2=" ">
    <subfield code="a">Bihar Journal of Public Administration  </subfield>
  </datafield>
  <datafield tag="906" ind1=" " ind2=" ">
    <subfield code="a">CHILD DEVELOPMENT</subfield>
  </datafield>
  <datafield tag="942" ind1=" " ind2=" ">
    <subfield code="c">AR</subfield>
  </datafield>
  <datafield tag="952" ind1=" " ind2=" ">
    <subfield code="0">0</subfield>
    <subfield code="1">0</subfield>
    <subfield code="2">ddc</subfield>
    <subfield code="4">0</subfield>
    <subfield code="7">0</subfield>
    <subfield code="9">395397</subfield>
    <subfield code="a">IIPA</subfield>
    <subfield code="b">IIPA</subfield>
    <subfield code="d">2023-01-27</subfield>
    <subfield code="h">19(1), Jan-Jun, 2022: p.70-82</subfield>
    <subfield code="p">AR127866</subfield>
    <subfield code="r">2023-01-27</subfield>
    <subfield code="y">AR</subfield>
  </datafield>
</record>
